Space, culture and labour
| Titel: | Space, culture and labour : Brazilian urban workers in the twentieth century / [guest eds. Paulo Fontes ...] |
|---|---|
| Beteiligt: | |
| Veröffentlicht: | Essen : Klartext-Verlag, 2013 |
| Umfang: | 159 Seiten |
| Format: | Buch |
| Sprache: | Englisch |
| Schriftenreihe/ mehrbändiges Werk: |
Moving the social ; 49 |
| ISBN: | 9783837511826 |
| Hinweise zum Inhalt: |
Inhaltsverzeichnis
|
alg: 33862186 001A $03077:04-04-14 001B $01999:15-02-25 $t14:39:59.000 001D $03077:04-04-14 001U $0utf8 001X $00 002@ $0Aau 002C $aText $btxt $2rdacontent 002D $aohne Hilfsmittel zu benutzen $bn $2rdamedia 002E $aBand $bnc $2rdacarrier 003@ $0338621865 003O $0875667700 $aOCoLC 004A $A978-3-8375-1182-6 004K $09783837511826 006G $01049163877 006H $0TOCNEUA1416 $2DNB 006T $014,N14 006U $015,A25 $f20140324 007A $0338621865 $aHEB 007T $0Herdz21921m+2013,49 009P $qapplication/pdf $A2 $3Inhaltsverzeichnis $uhttp://d-nb.info/1049163877/04 $mB:DE-101 010@ $aeng 011@ $a2013 013D $#Beiträge Formschlagwort $#Einzelbeiträge $#Sammelwerk Formschlagwort $74143413-4 $8Aufsatzsammlung [Ts1] $9085562742 021A $aSpace, culture and labour $dBrazilian urban workers in the twentieth century $h[guest eds. Paulo Fontes ...] 027A $aMitteilungsblatt des Instituts für soziale Bewegungen 028C $BHerausgeber $#Fontes, Paulo Roberto Ribeiro $4edt $D20220215 $Ecgwrk $71058616951 $8Fontes, Paulo [Tp3] $9347815154 033A $pEssen $nKlartext-Verlag 034D $a159 Seiten 036E $aMoving the social $l49 036F $x249 $8Moving the social $9334332958 $l49 044K $qDNB $RVereinigtes Königreich von Portugal, Brasilien und den Algarven $#Brasilien $#Brasilien $#Brasilien $#Brasil $#Brazil $#Imperio do Brazil $#République Fédérative du Brésil $#Federative Republic of Brazil $#República dos Estados Unidos do Brasil $#Estados Unidos do Brasil $#República Federal do Brasil $#Föderative Republik Brasilien $#República Federativa do Brasil $#Brésil $#Imperio do Brasil $#République des Etats-Unis du Brésil $#Brazilia $#Vereinigtes Königreich von Portugal, Brasilien und den Algarven $74008003-1 $8Brasilien [Tg1] $9085013560 044K $qDNB $RGemeinde $#Cities and towns $#Villes $#Città $#Ciudades $#towns $#Stadt $#Stadt $#Stadtgebiet Stadt $#Städte $74056723-0 $8Stadt [Tsz] $9085157945 044K $qDNB $RArbeitnehmer $RArbeiterin $#Working class $#Travailleurs $#workers $#Arbeiter $#Arbeiter $#Arbeiterschaft $#Industriearbeiter $#Arbeiter $#Industriearbeiter $#Arbeiterschaft $#Fabrikarbeiter $#Industriearbeiter $#Lohnarbeiter $74112560-5 $8Arbeiter [Ts1] $9085331112 044K $qDNB $RSachkultur $RAlltagskultur $RIndustriekultur $RMassenkultur $RVolkskultur $74002592-5 $8Arbeiterkultur [Ts1] $9084998229 045E $c300 $c330 045F $a305.56209810904 $eDDC22ger 045F/01 $a305.562 045F/03 $f0904 045F/03 $g81 045R $aGeschichte 1900-2012 lok: 33862186 78 exp: 33862186 78 1 #EPN 201B/01 $019-04-17 $t14:02:35.000 201U/01 $0utf8 203@/01 $0790816083 208@/01 $a12-11-16 $be 209A/01 $a/ $f000 $x00 220C/01 $aTitelaufnehmer: pg 220C/01 $aHerkunft: HI Marburg 244Z/01 $2Trx $#ajakirjad üldine $#žurnalai bendras $#journals $#folyóíratok általános $#czasopisma ogólnie $#časopisy všeobecne $#časopisy všeobecně $#Presse $#tlač $8--Trx--Zeitschriften$gallgemein $x01 $9391361228 244Z/01 $2Trx $8--Trx--elektronische Ressource $x02 $939138452X 245Z/01 $a01.02 $x01 247C/01 $82080>Marburg/Lahn, Herder-Institut, Forschungsbibliothek, Bibliographieportal $9336309341
| LEADER | 00000cam a2200000 c 4500 | ||
|---|---|---|---|
| 001 | 338621865 | ||
| 003 | DE-603 | ||
| 005 | 20250215143959.0 | ||
| 007 | tu | ||
| 008 | 140404s2013 xx |||| | u00||u|eng | ||
| 015 | |a 15,A25 |z 14,N14 |2 dnb | ||
| 016 | 7 | |2 DE-101 |a 1049163877 | |
| 020 | |a 9783837511826 | ||
| 024 | 3 | |a 9783837511826 | |
| 035 | |a (DE-599)HEB338621865 | ||
| 035 | |a (OCoLC)875667700 | ||
| 040 | |a DE-603 |b ger |c DE-603 |d DE-603 | ||
| 041 | |a eng | ||
| 082 | 0 | 4 | |8 1\u |a 305.56209810904 |q DE-101 |2 22/ger |
| 084 | |a 300 |a 330 |q DE-101 |2 sdnb | ||
| 085 | |8 1\u |b 305.562 | ||
| 085 | |8 1\u |z 1 |s 0904 | ||
| 085 | |8 1\u |z 2 |s 81 | ||
| 245 | 0 | 0 | |a Space, culture and labour |b Brazilian urban workers in the twentieth century |c [guest eds. Paulo Fontes ...] |
| 246 | 1 | 3 | |a Mitteilungsblatt des Instituts für soziale Bewegungen |
| 264 | 1 | |a Essen |b Klartext-Verlag |c 2013 | |
| 300 | |a 159 Seiten | ||
| 336 | |a Text |b txt |2 rdacontent | ||
| 337 | |a ohne Hilfsmittel zu benutzen |b n |2 rdamedia | ||
| 338 | |a Band |b nc |2 rdacarrier | ||
| 490 | 1 | |a Moving the social |v 49 | |
| 648 | 7 | |a Geschichte 1900-2012 |2 gnd | |
| 650 | 7 | |a Stadt |0 (DE-588)4056723-0 |0 (DE-603)085157945 |2 gnd | |
| 650 | 7 | |a Arbeiter |0 (DE-588)4112560-5 |0 (DE-603)085331112 |2 gnd | |
| 650 | 7 | |a Arbeiterkultur |0 (DE-588)4002592-5 |0 (DE-603)084998229 |2 gnd | |
| 651 | 7 | |a Brasilien |0 (DE-588)4008003-1 |0 (DE-603)085013560 |2 gnd | |
| 655 | 7 | |a Aufsatzsammlung |2 gnd-content |0 (DE-588)4143413-4 |0 (DE-603)085562742 | |
| 700 | 1 | |a Fontes, Paulo |e Herausgeber |4 edt |0 (DE-603)347815154 |0 (DE-588)1058616951 |2 gnd | |
| 830 | 0 | |t Moving the social |v 49 |w (DE-603)334332958 |w (DE-600)2731668-3 |9 249 |7 as | |
| 856 | 4 | 2 | |m B:DE-101 |q application/pdf |u http://d-nb.info/1049163877/04 |3 Inhaltsverzeichnis |
| 924 | 0 | |9 2080 |a (DE-603)790816083 |b DE-2080 |c HES |d d |g / | |


